Harry Potter : Qui est vraiment Harry Potter - Statistiques

Statistiques générales
  • Ce quiz a été pris 213 fois
  • Le résultat moyen est 22 sur 26
Statistiques - réponses
Hint Réponse % Correct
Prénom de sa Mère Lily
99%
Prénom de son Père James
98%
Prénom de sa meilleure amie Hermione
97%
Prénom de son meilleur ami Ron
97%
Prénom de l'elfe qu'il a libéré Dobby
96%
Prénom et nom de la personne qui est allé le chercher chez les Dursley et qui lui a annoncé qu'il était un sorcier Rubeus Hagrid
95%
Prénom et nom du directeur de Poudlard pendant que Harry était à l'école Albus Dumbledore
94%
Son poste au Quidditch Attrapeur
94%
Forme de son patronus Cerf
94%
Prénom de son épouse Ginny
93%
Sa maison à Poudlard Gryffondor
93%
Nom de son animal de compagnie Hedwige
93%
Prénom de son parrain Sirius
93%
Prénom de son cousin Dudley
91%
Prénom et nom de la directrice de sa maison Minerva Mcgonagall
91%
Prénom de sa tante Pétunia
89%
Prénom de son oncle Vernon
87%
Son métier quand il quitte Poudlard Auror
81%
Prénom de son second fils Albus Severus
80%
Prénom de son fils ainé James Sirius
77%
De quel cœur est constituée sa baguette Plume de phœnix
66%
Village où il est né Godric's Hollow
65%
Prénom de sa fille Lily Luna
64%
Organisation qu'il a créé lors de sa cinquième année à Poudlard L'Armée de Dumbledore
63%
Sa date de naissance 31 juillet 1980
58%
De quel bois est constituée sa baguette Houx
51%
Aucun quiz correspondant
Distribution des résultats
% des personnes avec chaque résultat
Percentile par nombre de réponses
Votre historique - résultats
Vous n’avez pas pris ce quiz